| 000 | 00774nam a22002177a 4500 | ||
|---|---|---|---|
| 999 |
_c18166 _d18166 |
||
| 003 | AR-CdUCM | ||
| 008 | 190513b ||||| |||| 00| 0 spa d | ||
| 040 |
_aMUNICIPALIDAD PROVINCIAL DEL CUSCO _cBIBLIOTECA MUNICIPAL DEL CUSCO |
||
| 082 |
_a989.042 / _bSO715 |
||
| 100 |
_aSosa, Jesualdo _9587 |
||
| 245 |
_aArtigas : _bdel vasallaje a la revolución / |
||
| 260 |
_aBuenos Aires : _bEdit. Claridad, _c1940. |
||
| 300 |
_a575 páginas ; _c20 cm. |
||
| 440 |
_aBiblioteca de obras famosas _n46 _938604 |
||
| 505 | _aContenido: Antecedentes -- José Artigas: Vaqueria, contrabando y blandengues -- La revolución... | ||
| 650 |
_aAmérica Latina _91130 |
||
| 650 |
_aRevolución _9844 |
||
| 650 |
_aEstado social _923761 |
||
| 942 |
_2ddc _cLIBROS |
||
| 945 |
_adavv _d2019-05-13 |
||